=LDR 00000nam 2200000 4500 =001 INLIS000000000012343 =005 20210216022748 =035 ##$$a 0010-061300000012343 =008 210216################g##########0#ind## =041 ##$$a Ind =082 ##$$a 392.095 986 4 =090 ##$$a 392.095 986 4, Tat k =245 ##$$a Tata kelakuan dilingkungan pergaulan keluarga masyarakat Sulawesi Tenggara /$c R. Burhanudin...[et al] =260 ##$$a Jakarta :$b Departemen Pendidikan dan Kebudayaan RI,$c 1989 =300 ##$$a v, 158 hlm., : $b ilus. ; $c 24 x 17 cm. =650 #4$$a Kebiasaan Sulawesi Tenggara =700 #$$a Burhanudin, K =850 ##$$a NBPNMAT =084 ##$$a 392.595 986 4 TAT t =990 ##$$a 32.263/Hd-89 =990 ##$$a 32.265/Hd-89 =990 ##$$a 32.264/Hd-89